Statistiche per Capoluoghi e Iniziali delle Regioni - Quiz n°10

Clicka qui per fare il quiz!

Statistiche generali

  • Questo quiz è stato fatto 8 volte
  • Il punteggio medio è 8 su 11

Statistiche sulle risposte

HintRisposta% Corretto
TorinoP
100%
CatanzaroC
83%
FerraraE
83%
GoriziaF
83%
ComoL
83%
SiracusaS
83%
PerugiaU
67%
TrevisoV
67%
AndriaP
50%
BiellaP
50%
EnnaS
50%

Distribuzione punteggi

Percentile per numero di risposta

Percentuale di utenti per punteggio

I tuoi punteggi nel tempo

Non hai fatto questo quiz